Resistencia de materiales: diseño de estructuras y máquinas
Uloženo v:
| Hlavní autor: | |
|---|---|
| Médium: | Kniha |
| Jazyk: | španělština |
| Vydáno: |
Ciudad de México
Interamericana
1984
|
| Témata: | |
| Tagy: |
Přidat tag
Žádné tagy, Buďte první, kdo vytvoří štítek k tomuto záznamu!
|
MARC
| LEADER | 00000nam a2200000 a 4500 | ||
|---|---|---|---|
| 001 | UCW2224 | ||
| 003 | CL-VaPUC | ||
| 008 | 930601e19840000MX |||||||||||||||||spa|d | ||
| 082 | 0 | 4 | |a 620.112 |b HEA |2 21 |
| 100 | 0 | |a Hearn, Edwin John |e author |9 306189 | |
| 245 | 1 | 0 | |a Resistencia de materiales: diseño de estructuras y máquinas |
| 300 | |a 644 p | ||
| 942 | |c BK | ||
| 945 | |d 19930601 00:00:00 | ||
| 260 | |a Ciudad de México |b Interamericana |c 1984 | ||
| 650 | 0 | |a Resistencia de materiales |9 260095 | |
| 650 | 0 | |a Diseño de estructuras |9 260345 | |
| 650 | 7 | |a MAQUINARIA DISEÑO |2 CL-VaPUC |9 306190 | |
| 583 | |a last modification |c 19930601 00:00:00 |k Rodrigo Vera | ||
| 999 | |c 216823 |d 216821 | ||